| 000 | 01065nam a2200301 i 4500 | ||
|---|---|---|---|
| 003 | EG-GICUC | ||
| 005 | 20260420160419.0 | ||
| 008 | 260420s1899 fr fr|||| 001 0 fre d | ||
| 040 |
_aEG-GiCUC _bfre _cEG-GiCUC _dEG-GiCUC _eRda |
||
| 041 | _afre | ||
| 082 | 0 | 4 |
_221 _a343.5 _bHU . P |
| 092 | 0 | 4 | _221 |
| 099 | _aLaw1 10 343.5 Hu . P 1 Ed - 1899 | ||
| 100 | 1 |
_a Hults, E. _eAuteur |
|
| 245 |
_a Du pourvoi en cassation et de la révision en droit pénal égyptien / _cPar E. De Hults. |
||
| 264 |
_a Le Caire : _b Librairie Internationale F. Diemer, Éditeur, _c1899. |
||
| 300 |
_a323 page : _billustration ; _c 24 cm. |
||
| 336 |
_2rda contenu _a texte |
||
| 337 |
_2rda medias _aOrdinateur |
||
| 338 |
_2 transporteur rda _a Ressource en ligne |
||
| 500 | _a Conseiller à la Cour d'Appel Indigène du Caire. | ||
| 650 | 1 |
_a Droit pénal, _v Égypte. _2qrmak |
|
| 651 | 1 | _2qrmak | |
| 710 |
_a Librairie Internationale F. Diemer, _eÉditeur |
||
| 856 | 4 | 0 | _uhttps://fll.law.cu.edu.eg/fulltext/bks/B10-10797.pdf |
| 905 | _a171 | ||
| 942 |
_2ddc _cBK _e21 _n0 |
||
| 999 |
_c72306 _d72306 |
||